000 00548nam a22001817a 4500
005 20160404091407.0
008 160404b xxu||||| |||| 00| 0 eng d
020 _a0706231252
050 _aLA21.M52 1973
100 _aMidwinter , Eric
_923499
245 _aPatterns of community education
_cby Midwinter , Eric
260 _aLondon
_bWard Lock Educational
_c1973
300 _a95p.;
_c22cm.
650 _aEducation
_xHistory
_93436
650 _aCommunity and school
_97148
650 _aCommunity schools
_923500
942 _2lcc
_cMONOGRAPH
999 _c124518
_d124518